Khám phá thiết kế đô thị Hàn Quốc

Tìm hiểu kiến trúc đô thị của 6 thành phố trực thuộc trung ương của Hàn Quốc: Busan, Daegu, Daejeon, Gwangju, Ulsan, Incheon. Giới thiệu bối cảnh lịch sử, bản sắc văn hoá, đồng thời khám phá toàn cảnh mặt sáng và góc khuất của thiết kế cảnh q...

Full description

Saved in:
Bibliographic Details
Main Author: Kim, Min - Soo
Other Authors: Phạm, Quỳnh Giang
Format: Book
Language:Undetermined
Published: TP. Hồ Chí Minh Văn hóa - Văn nghệ Tp. HCM 2017
Subjects:
Online Access:http://lrc.tdmu.edu.vn/opac/search/detail.asp?aID=2&ID=32992
Tags: Add Tag
No Tags, Be the first to tag this record!
Institutions: Trung tâm Học liệu Trường Đại học Thủ Dầu Một
LEADER 01380nam a2200217Ia 4500
001 TDMU_32992
008 210410s9999 xx 000 0 und d
082 |a 331.11 
090 |b K310 
100 |a Kim, Min - Soo 
245 0 |a Khám phá thiết kế đô thị Hàn Quốc 
245 0 |c Kim Min - Soo; Phạm Quỳnh Giang dịch 
260 |a TP. Hồ Chí Minh 
260 |b Văn hóa - Văn nghệ Tp. HCM 
260 |c 2017 
300 |a 575tr. 
520 |a Tìm hiểu kiến trúc đô thị của 6 thành phố trực thuộc trung ương của Hàn Quốc: Busan, Daegu, Daejeon, Gwangju, Ulsan, Incheon. Giới thiệu bối cảnh lịch sử, bản sắc văn hoá, đồng thời khám phá toàn cảnh mặt sáng và góc khuất của thiết kế cảnh quan đô thị, kiến trúc, thiết kế công và thiết kế biểu tượng từ góc độ thiết kế đô thị ở các thành phố này 
650 |a Kiến trúc đô thị  |z Hàn Quốc; Cơ sở hạ tầng (Kinh tế học)  |z Hàn Quốc; Phát triển đô thị  |z Hàn Quốc 
700 |a Phạm, Quỳnh Giang 
856 |u http://lrc.tdmu.edu.vn/opac/search/detail.asp?aID=2&ID=32992 
980 |a Trung tâm Học liệu Trường Đại học Thủ Dầu Một